| 000 | 00820nam a2200229Ia 4500 | ||
|---|---|---|---|
| 003 | GCL | ||
| 008 | 140319s9999 xx 000 0 ara d | ||
| 040 |
_aGCL / _cGCL |
||
| 082 | 0 | 4 |
_a896 _bك م |
| 100 | 1 | _aادوار الخراط | |
| 245 | 1 | 0 |
_aمختارات من الشعر الافريقى الاسيوى / _cادوار الخراط |
| 700 | 1 | _aالكتاب الافريقيين الاسيويين | |
| 700 | 1 | _aنهاد سالم | |
| 700 | 1 | _aعبدالعزيز صادق | |
| 300 | _a320 ص | ||
| 490 |
_aسلسلة الادب الافريقى الاسيوى _v0 |
||
| 650 | 0 | 4 | _aالشعر الافريقى |
| 650 | 0 | 4 | _aالشعر الاسيوى |
| 650 | 0 | 4 | _aالشعر الافريقى- دواوين وقصائد |
| 650 | 0 | 4 | _aالشعر الاسيوى - دواوين وقصائد |
| 942 |
_2ddc _cBK |
||
| 999 |
_c39666 _d39666 |
||